Central Library OPAC University of Rajshahi

Open universities : (Record no. 60360)

MARC details
000 -LEADER
fixed length control field 01006nam a2200277 a 4500
001 - CONTROL NUMBER
control field 60360
003 - CONTROL NUMBER IDENTIFIER
rucl marc code BD-RjUL
005 - DATE AND TIME OF LATEST TRANSACTION
control field 20211209080829.0
008 - FIXED-LENGTH DATA ELEMENTS--GENERAL INFORMATION
fixed length control field 161230s1988 ii b 101 0 eng
035 ## - SYSTEM CONTROL NUMBER
System control number (BD-RjUL)60484
040 ## - CATALOGING SOURCE
Original cataloging agency DLC
Transcribing agency DLC
Modifying agency DLC
-- BD-RjUL
Language of cataloging eng
041 ## - LANGUAGE CODE
Language code of text/sound track or separate title eng
082 00 - DEWEY DECIMAL CLASSIFICATION NUMBER
Classification number 378.03
Edition number 23
Author mark and year OPE 1988
245 00 - TITLE STATEMENT
Title Open universities :
Remainder of title the ivory towers thrown open /
Statement of responsibility, etc. edited by G. Ram Reddy.
260 ## - PUBLICATION, DISTRIBUTION, ETC. (IMPRINT)
Place of publication, distribution, etc. New Delhi :
Name of publisher, distributor, etc. Sterling Publishers,
Date of publication, distribution, etc. c1988.
300 ## - PHYSICAL DESCRIPTION
Pagination viii, 270 p. :
Illustrations ill. ;
Size 22 cm.
504 ## - BIBLIOGRAPHY, ETC. NOTE
Bibliography, etc Includes bibliographies and index.
520 ## - SUMMARY, ETC.
Summary, etc. On the open university system in 12 countries.
650 #0 - SUBJECT ADDED ENTRY--TOPICAL TERM
Topical term or geographic name as entry element Distance education
General subdivision Congresses.
9 (RLIN) 179636
Topical term or geographic name as entry element Distance education
General subdivision Case studies.
9 (RLIN) 179637
Topical term or geographic name as entry element Correspondence schools and courses
General subdivision Congresses.
9 (RLIN) 179638
Topical term or geographic name as entry element Correspondence schools and courses
General subdivision Case studies.
9 (RLIN) 179639
700 2# - ADDED ENTRY--PERSONAL NAME
Personal name Ram Reddy, G.
710 2# - ADDED ENTRY--CORPORATE NAME
Corporate name or jurisdiction name as entry element Indira Gandhi National Open University.
9 (RLIN) 179641
942 ## - ADDED ENTRY ELEMENTS (KOHA)
Source of classification or shelving scheme Dewey Decimal Classification
Koha item type Books
Holdings
Lost status Source of classification or shelving scheme Damaged status Not for loan Collection code Permanent Location Current Location Shelving location Date acquired Total Checkouts Full call number Date last seen Copy number Koha item type
  Dewey Decimal Classification   Not For Loan Non-fiction Central Library, University of Rajshahi Central Library, University of Rajshahi Reading Room 27/02/1994   378.03 OPE 1988 31/12/2016 C-1 Books